000 00543nam a2200193Ia 4500
005 20250508162613.0
008 008 250505s9999 xx 000 0 eng d
037 _aReference
040 _aFEDL
_beng
_cFEDL
041 _aeng
_2eng
084 _a370.954, KAM/RR
_qFEDL
100 _aKamat A R
245 0 _aEducation and social change in India
260 _aBombay, India
_bSomaiya Publications Pvt Ltd
_c1985
300 _a348p.
546 _aPhotocopy
942 _cREF
_h370.954, KAM/RR
999 _c1377595
_d1377595